000
00277nam a2200097Ia 4500
008
230206s9999 xx 000 0 und d
041
_a
eng
100
_a
Murthy E N, Ed.
_9
119275
245
_a
The IUP Journal of International Relations
260
_c
2011
_b
IUP Publications
_a
Hyderabad
999
_c
97727
_d
97727